000 00954nam a2200253Ia 4500
003 OSt
005 20220923215437.0
006 a|||||r|||| 00| 0
007 ta
008 220922b |||||||| |||| 00| 0 hin d
024 _a178,771
037 _cTextual
040 _aARTS
_cARTS
_bhin
041 _2hin
_ahin
082 _aO152,1M89:g, M5
100 _aअनुप कुमार
245 0 _aप्रसाद की रचनाओं में संस्करणगत परिर्वतनों का अध्ययन
246 _aPrasād kī rachanāoan mean sanskaraṇagat parirvatanoan kā adhyayana
260 _aइलाहाबाद
_b हिन्दी परिषद प्रकाशन
_c1985
300 _a243 पृ.
_ccm.
650 _aहिन्दी साहित्य
_9156264
942 _hO152,1M89:g, M5
_cTEXL
_2CC
999 _c332152
_d332152